| 000 | 00576nam a22001817a 4500 | ||
|---|---|---|---|
| 005 | 20150701111936.0 | ||
| 010 | _aENG-113019 | ||
| 020 |
_a9789351434412 _c595.00 |
||
| 035 | _aEN-96551 | ||
| 037 | _bDBAD/PUB | ||
| 082 | _a343.540552 | ||
| 100 | _aRastogi, Abhishek A. | ||
| 245 |
_aPocket guide to service tax / _cby Abhishek A. Rastogi |
||
| 260 |
_aGurgaon _bLexisNexis _c2015 |
||
| 270 |
_a14th Floor Building No.10, Tower-B, DLF Cyber City Phase-II, _bGurgaon _e122002 |
||
| 300 |
_alviii,1045p. _c20cm(pbk) |
||
| 942 |
_2ddc _cEN _mRAS _h343.540552 |
||
| 999 |
_c93539 _d93539 |
||